000 01933cam a22005054i 4500
003 PE-LiUPU
005 20250731172755.0
008 150617s r 000 0 d
020 _a843010903X
035 _a(Sirsi) i9788430109036
040 _aPE-LiUPU
_bspa
_cPE-LiUPU
_erda
049 _aPRUA
082 0 4 _a232.8
_bK243
_221
100 1 _aKasemann, Ernst,
_eautor.
245 1 3 _aEl testamento de Jesús :
_bEl lugar histórico del evangelio de Juan /
_cErnst Kasemann.
264 1 _aSalamanca :
_bEdiciones sigueme,
_c1983.
300 _a173 páginas ;
_c18 centímetros.
336 _atext
_2rdacontent
337 _aunmediated
_2rdamedia
338 _avolume
_2rdacarrier
490 0 _aBiblioteca de estudios bíblicos ;
_v47
505 0 _aEl problema -- La gloria de Cristo -- La comunidad bajo la palabra -- Unidad cristiana -- Conclusión.
526 _aSEG42
526 _aSEG41
526 _aSEG40
526 _aSEG39
526 _aP94
526 _aP87
526 _aP86
526 _aP85
526 _aP77
526 _aP76
526 _aP35
600 1 _aJESUCRISTO
_xMESIAS
910 _ajck
_bjvq
_cjck
_d20150616
942 _2ddc
_cBOOK
949 _a232.8 K243
_wDEWEY
_c1
_i22776
_lCCODEBUL1
_mBUL
_r0
_sY
_tBOOK
_u2015-6-17
_xTEOLOGIA
_PP35
_0COMPRA
_o.STAFF. Colección general
949 _a232.8 K243
_wDEWEY
_c2
_i22276
_lCCODEBUL1
_mBUL
_r0
_sY
_tBOOK
_u2015-6-17
_xTEOLOGIA
_PP35
_0COMPRA
_o.STAFF. Colección general
994 _aC0
_bPEPRU
596 _a1
999 _a232.8 K243
_wDEWEY
_c3050
_i22776
_f2021-11-11
_g5
_lCCODEBUL1
_mBUL
_r0
_sY
_tBOOK
_u2015-6-17
_xTEOLOGIA
_PP35
_0COMPRA
_o.STAFF. Colección general
_d3050
999 _a232.8 K243
_wDEWEY
_c2
_i22276
_f2021-11-11
_g5
_lCCODEBUL1
_mBUL
_r0
_sY
_tBOOK
_u2015-6-17
_xTEOLOGIA
_PP35
_0COMPRA
_o.STAFF. Colección general
980 _81
_gALBERTO SANCHEZ Responsable de Automatización